Movies Quiz

Random Movies or Puzzle Quiz

Mystery Movie Puzzle Quiz Stats

 Plays Quiz Updated Sep 20, 2017

Challenge
Share
Tweet
Embed
Score 0/31 Timer 10:00
3 Plays Today
Hint Answer % Correct
First Five Disney Princesses(Snow White) Hint 2: He is ranked as the second highest all-time box office star
94.9%
First Five Disney Princesses(Cinderella) Hint 4: He's well-known for a certain iconic two-word expletive shouted in many of his movies
94.8%
Travelers On the Yellow Brick Road(The Tin Man) Hint 2: In 1994, she portrayed author Dorothy Parker, receiving a Golden Globe nomination for Best Actress
93.1%
Travelers On the Yellow Brick Road(The Cowardly Lion) Hint 4: She received her first Oscar nomination in 2015
92.9%
Travelers On the Yellow Brick Road(Dorothy Gale) Hint 1: This actress was born in Hollywood in 1962
92.6%
Travelers On the Yellow Brick Road(Scarecrow) Hint 3: She also appeared on Broadway in the 1990s as the lead character, Sally Bowles, in 'Cabaret'
92%
Travelers On the Yellow Brick Road(Toto) Hint 5: Her breakthrough role came in 1982 when she played Stacy Hamilton in 'Fast Times at Ridgemont High'
87.2%
First Five Disney Princesses(Belle) Hint 1: As a child, this actor had a persistent stutter
81.9%
First Five Disney Princesses(Ariel) Hint 3: He attended Morehouse College, where he assisted in kidnapping the Board of Trustees as a Civil Rights protest
81.6%
First Five Disney Princesses(Aurora) Hint 5: He portrayed the only Jedi in the 'Star Wars' universe to wield a purple lightsaber
78.5%
DiCaprio and Scorsese Feature Collaborations(The Departed) Hint 2: In 1971, he starred opposite Jimmy Stewart in the film, 'Fools' Parade', one of Stewart's final roles
75.2%
Rocky I-Balboa Final Fight Opponents(Apollo Creed) Hint 1: This actor was voted Most Athletic by his high school graduating class
74%
DiCaprio and Scorsese Feature Collaborations(The Wolf of Wall Street) Hint 1: This actor began his career as a child actor, appearing in an episode of 'Gilligan's Island' at age thirteen
66.9%
First Five Disney PrincessesSamuel L. Jackson
66.6%
Marx Bros. Paramount Feature Films(Duck Soup) Hint 1:This filmmaker's middle name is Jerome
66.1%
DiCaprio and Scorsese Feature Collaborations(Gangs of New York) Hint 3: He has portrayed both Elvis and Wyatt Earp
65.5%
Hint Answer % Correct
DiCaprio and Scorsese Feature Collaborations(The Aviator) Hint 5: During the 1980s, he starred in three films with director John Carpenter
64.9%
DiCaprio and Scorsese Feature Collaborations(Shutter Island) Hint 4: He is the long-term, unmarried partner to actress Goldie Hawn. The two have spent more than 30 years together
64.1%
Rocky I-Balboa Final Fight Opponents(Ivan Drago) Hint 2: He has worked with directors Michael Mann, Steven Soderbergh, and the Coen Bros.
62%
Rocky I-Balboa Final Fight Opponents(Clubber Lang) Hint 3: His first feature film appearance came in 2005 when he played a basketball player in 'Coach Carter'
57.8%
DiCaprio and Scorsese Feature CollaborationsKurt Russell
56.2%
Rocky I-Balboa Final Fight Opponents(Tommy Gunn) Hint 4: He began his career as a performer by working as a male stripper, a profession he would eventually portray onscreen
51.9%
Marx Bros. Paramount Feature Films(Animal Crackers) Hint 2: As a child he wrote the screenplay 'Captain Peachfuzz and the Anchovy Bandit' about a man who steals pizzas from delivery drivers
51.7%
Travelers On the Yellow Brick RoadJennifer Jason Leigh
50.6%
Rocky I-Balboa Final Fight Opponents(Mason Dixon) Hint 5: Co-starred in the 2012 remake of '21 Jump Street'
50.2%
Marx Bros. Paramount Feature Films(Horse Feathers) Hint 3: Before getting the chance to make his own movies, he sold his first screenplay, 'From Dusk Till Dawn'
49.7%
Rocky I-Balboa Final Fight OpponentsChanning Tatum
49.2%
Marx Bros. Paramount Feature Films(Monkey Business) Hint 4: He has twice won the Academy Award for Best Original Screenplay, in 1994 and 2012
49%
Marx Bros. Paramount Feature Films(The Cocoanuts) Hint 5: Frequent collaborators include: Uma Thurman, Harvey Keitel, Christoph Waltz, and Michael Madsen, among others
47.9%
Marx Bros. Paramount Feature FilmsQuentin Tarantino
46.8%
Mystery Movie?The Hateful Eight (2015)
41.7%

You're not logged in!

Compare scores with friends on all Sporcle quizzes.
Join for Free
OR
Log In

You Might Also Like...

Show Comments

Extras

Top Quizzes Today


Score Distribution

Your Account Isn't Verified!

In order to create a playlist on Sporcle, you need to verify the email address you used during registration. Go to your Sporcle Settings to finish the process.

Report this User

Report this user for behavior that violates our Community Guidelines.

Details: